<?xml version="1.0" encoding="UTF-8"?>
<record
    xmlns:xsi="http://www.w3.org/2001/XMLSchema-instance"
    xsi:schemaLocation="http://www.loc.gov/MARC21/slim http://www.loc.gov/standards/marcxml/schema/MARC21slim.xsd"
    xmlns="http://www.loc.gov/MARC21/slim">

  <leader>01172nam a2200241 i 4500</leader>
  <controlfield tag="001"> 82046</controlfield>
  <controlfield tag="003">BD-RjUL</controlfield>
  <controlfield tag="005">20231004130042.0</controlfield>
  <controlfield tag="008">181202s1995    is            000 0 per d</controlfield>
  <datafield tag="035" ind1=" " ind2=" ">
    <subfield code="a">(BD-RjUL) 82046</subfield>
  </datafield>
  <datafield tag="040" ind1=" " ind2=" ">
    <subfield code="a">NNL</subfield>
    <subfield code="b">ara</subfield>
    <subfield code="e">rda</subfield>
    <subfield code="c">BD-RjUL</subfield>
  </datafield>
  <datafield tag="041" ind1="0" ind2=" ">
    <subfield code="a">per</subfield>
    <subfield code="a">ara</subfield>
  </datafield>
  <datafield tag="082" ind1=" " ind2=" ">
    <subfield code="2">23</subfield>
    <subfield code="a">891.5109</subfield>
    <subfield code="b">ASF 1995</subfield>
  </datafield>
  <datafield tag="100" ind1="1" ind2=" ">
    <subfield code="a">&#x627;&#x634;&#x631;&#x641;&#x632;&#x627;&#x62F;&#x647;&#x60C; &#x631;&#x636;&#x627;&#x60C; ;; Ashrafzadeh, Reza,</subfield>
    <subfield code="d">1947 &#x623;&#x648; 1948-</subfield>
    <subfield code="e">&#x645;&#x624;&#x644;&#x641;</subfield>
    <subfield code="9">9361</subfield>
  </datafield>
  <datafield tag="245" ind1="1" ind2="0">
    <subfield code="a">&#x641;&#x631;&#x647;&#x646;&#x6AF; &#x643;&#x627;&#x631;&#x628;&#x631;&#x62F; &#x623;&#x64A;&#x627;&#x62A; &#x648; &#x631;&#x648;&#x627;&#x64A;&#x627;&#x62A; &#x62F;&#x631; &#x634;&#x639;&#x631; &#x634;&#x64A;&#x62E; &#x641;&#x631;&#x64A;&#x62F; &#x627;&#x644;&#x62F;&#x64A;&#x646; &#x639;&#x637;&#x627;&#x631; &#x646;&#x64A;&#x634;&#x627;&#x628;&#x648;&#x631;&#x649; /Cultural application of verses and traditions in the poetry of Sheikh Fariduddin Attar Neshaburi  /</subfield>
    <subfield code="c">&#x62A;&#x623;&#x644;&#x64A;&#x641;: &#x62F;&#x643;&#x62A;&#x631; &#x631;&#x636;&#x627; &#x627;&#x634;&#x631;&#x641; &#x632;&#x627;&#x62F;&#x647;  ;; .Raza Ashrafzadeh.</subfield>
  </datafield>
  <datafield tag="250" ind1=" " ind2=" ">
    <subfield code="a">&#x686;&#x627;&#x67E; &#x627;&#x648;&#x644;</subfield>
  </datafield>
  <datafield tag="264" ind1=" " ind2="1">
    <subfield code="a">[&#x645;&#x634;&#x647;&#x62F;&#x61F;] :</subfield>
    <subfield code="b">&#x627;&#x62F;&#x627;&#x631;&#x647; &#x643;&#x644; &#x641;&#x631;&#x647;&#x646;&#x6AF; &#x648; &#x627;&#x631;&#x634;&#x627;&#x62F; &#x627;&#x633;&#x644;&#x627;&#x645;&#x649; &#x62E;&#x631;&#x627;&#x633;&#x627;&#x646;&#x60C;</subfield>
    <subfield code="c">[1995] &#x661;&#x663;&#x667;&#x663; &#x634;&#x645;&#x633;&#x649;.</subfield>
  </datafield>
  <datafield tag="300" ind1=" " ind2=" ">
    <subfield code="a">477 &#x635;&#x641;&#x62D;&#x629;.</subfield>
    <subfield code="c">23 cm</subfield>
  </datafield>
  <datafield tag="600" ind1="1" ind2="4">
    <subfield code="a">Attar, Farid al-Din,</subfield>
    <subfield code="d">-approximately 1230</subfield>
    <subfield code="x">Criticism and interpretation</subfield>
    <subfield code="9">9362</subfield>
  </datafield>
  <datafield tag="600" ind1="1" ind2="4">
    <subfield code="a">&#x627;&#x644;&#x639;&#x637;&#x627;&#x631;&#x60C; &#x641;&#x631;&#x64A;&#x62F; &#x627;&#x644;&#x62F;&#x64A;&#x646;&#x60C;</subfield>
    <subfield code="d">&#x62A;&#x648;&#x641;&#x64A; 1230</subfield>
    <subfield code="9">9363</subfield>
  </datafield>
  <datafield tag="650" ind1=" " ind2="4">
    <subfield code="a">Persian poetry</subfield>
    <subfield code="y">13th century</subfield>
    <subfield code="x">History and criticism</subfield>
    <subfield code="9">9364</subfield>
  </datafield>
  <datafield tag="942" ind1=" " ind2=" ">
    <subfield code="2">ddc</subfield>
    <subfield code="c">BK</subfield>
  </datafield>
  <datafield tag="999" ind1=" " ind2=" ">
    <subfield code="c">82046</subfield>
    <subfield code="d">82046</subfield>
  </datafield>
  <datafield tag="952" ind1=" " ind2=" ">
    <subfield code="0">0</subfield>
    <subfield code="1">0</subfield>
    <subfield code="2">ddc</subfield>
    <subfield code="4">0</subfield>
    <subfield code="7">1</subfield>
    <subfield code="8">NFIC</subfield>
    <subfield code="a">RUCL</subfield>
    <subfield code="b">RUCL</subfield>
    <subfield code="c">Reading</subfield>
    <subfield code="d">1996-09-28</subfield>
    <subfield code="e">Department of Urdu / persian Dhaka University</subfield>
    <subfield code="g">200.00</subfield>
    <subfield code="l">0</subfield>
    <subfield code="o">F 891.5109 ASF 1995</subfield>
    <subfield code="r">2023-10-04 00:00:00</subfield>
    <subfield code="t">C-1</subfield>
    <subfield code="w">2023-10-04</subfield>
    <subfield code="y">BK</subfield>
  </datafield>
</record>
